<?xml version="1.0" encoding="UTF-8"?><?xml-stylesheet type="text/xsl" href="static/style.xsl"?><OAI-PMH xmlns="http://www.openarchives.org/OAI/2.0/" xmlns:xsi="http://www.w3.org/2001/XMLSchema-instance" xsi:schemaLocation="http://www.openarchives.org/OAI/2.0/ http://www.openarchives.org/OAI/2.0/OAI-PMH.xsd"><responseDate>2026-06-07T23:48:17Z</responseDate><request verb="GetRecord" identifier="oai:docta.ucm.es:20.500.14352/98277" metadataPrefix="marc">https://docta.ucm.es/rest/oai/request</request><GetRecord><record><header><identifier>oai:docta.ucm.es:20.500.14352/98277</identifier><datestamp>2025-03-18T11:46:22Z</datestamp><setSpec>com_20.500.14352_14</setSpec><setSpec>col_20.500.14352_15</setSpec></header><metadata><record xmlns="http://www.loc.gov/MARC21/slim" xmlns:dcterms="http://purl.org/dc/terms/" xmlns:xsi="http://www.w3.org/2001/XMLSchema-instance" xmlns:doc="http://www.lyncode.com/xoai" xsi:schemaLocation="http://www.loc.gov/MARC21/slim http://www.loc.gov/standards/marcxml/schema/MARC21slim.xsd">
   <leader>00925njm 22002777a 4500</leader>
   <datafield ind2=" " ind1=" " tag="042">
      <subfield code="a">dc</subfield>
   </datafield>
   <datafield ind2=" " ind1=" " tag="720">
      <subfield code="a">Iglesias Berlanga, Marta</subfield>
      <subfield code="e">author</subfield>
   </datafield>
   <datafield ind2=" " ind1=" " tag="260">
      <subfield code="c">2009</subfield>
   </datafield>
   <datafield ind2=" " ind1=" " tag="520">
      <subfield code="a">Ante la reciente revisión del Acuerdo de Nueva York del a o 1995 sobre especies transzonales y altamente migratorias, el objeto de este trabajo es identificar, desde una perspectiva jurídico-crítica, el actual grado de cumplimiento estatal e institucional de sus disposiciones, así como las orientaciones emprendidas para solucionar las dificultades de aplicación práctica de algunas de ellas.</subfield>
   </datafield>
   <datafield ind1="8" ind2=" " tag="024">
      <subfield code="a">IGLESIAS BERLANGA MARTA . ASPECTOS JURÍDICOS DEL ACUERDO DE NUEVA YORK DE 1995 SOBRE ESPECIES TRANSZONALES Y ALTAMENTE MIGRATORIAS. Revista Galega de Economía [en linea]. 2009, 18(1), 1-17[fecha de Consulta 17 de Febrero de 2025]. ISSN: 1132-2799. Disponible en: https://www.redalyc.org/articulo.oa?id=39115707007</subfield>
   </datafield>
   <datafield ind1="8" ind2=" " tag="024">
      <subfield code="a">1132-2799</subfield>
   </datafield>
   <datafield ind1="8" ind2=" " tag="024">
      <subfield code="a">https://hdl.handle.net/20.500.14352/98277</subfield>
   </datafield>
   <datafield ind1="8" ind2=" " tag="024">
      <subfield code="a">2255-5951</subfield>
   </datafield>
   <datafield ind1="8" ind2=" " tag="024">
      <subfield code="a">https://www.redalyc.org/articulo.oa?id=39115707007</subfield>
   </datafield>
   <datafield ind2="0" ind1="0" tag="245">
      <subfield code="a">Aspectos jurídicos del Acuerdo de Nueva York de 1995 sobre especies transzonales y altamente migratorias</subfield>
   </datafield>
</record></metadata></record></GetRecord></OAI-PMH>